Lecciones sobre la voluntad de saber: curso en el Collège de France, 1970-1971. Seguido de El saber de Edipo
Uloženo v:
| Hlavní autor: | |
|---|---|
| Další autoři: | |
| Médium: | Kniha |
| Jazyk: | španělština |
| Vydáno: |
Buenos Aires
Fondo de Cultura Económica
2012
|
| Vydání: | 1a. ed |
| Edice: | Obras de Sociología
|
| Témata: | |
| Tagy: |
Přidat tag
Žádné tagy, Buďte první, kdo vytvoří štítek k tomuto záznamu!
|
MARC
| LEADER | 00000cam a2200000 a 4500 | ||
|---|---|---|---|
| 001 | UCF6990 | ||
| 003 | CL-VaPUC | ||
| 005 | 20241127104741.0 | ||
| 008 | 130530e20120000AG |||||||||||||||||spa|d | ||
| 999 | |c 351960 |d 351958 | ||
| 020 | |a 9789505579532 | ||
| 040 | |c Pontificia Universidad Católica de Valparaíso | ||
| 082 | 0 | 4 | |a 301 |b FOU |2 21 |
| 100 | |a Foucault, Michel |e author |9 257945 | ||
| 245 | 1 | 0 | |a Lecciones sobre la voluntad de saber: curso en el Collège de France, 1970-1971. Seguido de El saber de Edipo |
| 250 | |a 1a. ed | ||
| 260 | |a Buenos Aires |b Fondo de Cultura Económica |c 2012 | ||
| 300 | |a 366 p | ||
| 490 | 0 | |a Obras de Sociología | |
| 583 | |a last modification |c 20130618 04:35:30 |k Rodrigo Vera | ||
| 650 | 0 | |a Sociología |9 255410 | |
| 650 | 0 | |a Verdad |9 313815 | |
| 700 | 1 | |a Pons, Horacio |e traductor |9 864358 | |
| 942 | |c BK |2 ddc | ||
| 945 | |d 20130530 00:00:00 |a dcastane | ||
| 952 | |0 0 |1 0 |4 0 |6 301_000000000000000_FOU_2012 |7 0 |8 A |9 456427 |a BIBGIM |b BIBGIM |d 2019-11-22 |i 4976606 |l 1 |o 301 FOU 2012 |p 4976606 |r 2025-01-15 |s 2024-09-09 |w 2019-11-22 |y BK |k SSL | ||
| 952 | |0 0 |1 0 |4 0 |6 301_000000000000000_FOU_2012 |7 0 |8 R |9 456428 |a BIBEDU |b BIBEDU |c MCIRC |d 2019-11-22 |i 4980662 |o 301 FOU 2012 |p 4980662 |r 2023-01-13 |w 2019-11-22 |y BK_R |k FIL | ||
| 952 | |0 0 |1 0 |2 ddc |3 erb |4 0 |6 301_000000000000000_FOU_2012 |7 0 |8 A |9 456429 |a BIBING |b BIBING |i 5069882 |o 301 FOU 2012 |p 5069882 |r 2025-01-20 |w 2019-11-22 |y BK |z Catalogado en:20140502 |k GEO | ||